01518nam a22001817a 4500008004100000020001800041050001700059100001700076245003000093250001300123260003300136300003000169500004300199505102300242700002501265700002201290700002401312140620b xxu||||| |||| 00| 0 eng d a9780077129521 aHB171.5.B695 aBegg, David. aEconomics. /cDavid Begg. a10th ed. aLondon:bMcGraw Hill,c2011. axxxv,716p.:bill.;c25cm. aIncludes index, glossary and appendix. aContents: Introduction: Economics and the economy -- Tools of economic analysis -- Demand, supply and the market -- Positive microeconomics: Elasticities of demand and supply -- Consumer choice and demand decisions -- Introducing supply decisions -- Costs and supply -- Perfect competition and pure monopoly -- Market structure and imperfect competition -- The labour market -- Factor markets and income distribution -- Risk and information -- Welfare economics: Welfare economics -- Government spending and revenue -- Macroeconomics: Introduction to macroeconomics -- Output and aggregate demand -- Fiscal policy and foreign trade -- Money and banking -- Interest rates and monetary transmission -- Monetary and fiscal policy -- Aggregate supply, prices and adjustment to shocks -- Inflation, expectations and credibility -- Unemployment -- Exchange rates and the balance of payments -- Open economy macroeconomics -- Economic growth Business cycles -- The World economy: International trade -- Exchange rate regimes. aVernasca, Gianluigi. aFischer, Stanley. aDornbusch, Rudiger.